| 000 | 00602nam a22002291c 4500 | ||
|---|---|---|---|
| 001 | a987677380 | ||
| 008 | 161012s2013 gw |||| 000u rus d | ||
| 020 |
_a9785728115267 _9978-5-7281-1526-7 |
||
| 041 | _arus | ||
| 245 | 0 | 0 |
_aMy zdes' živem : _bsozial'naja antropologija malogo rossijskogo goroda |
| 264 |
_aMoskva, _c2013 |
||
| 300 | _a683 S. | ||
| 650 | 0 | _aAnthropogeografie | |
| 650 | 0 | _aKleinstadt | |
| 650 | 0 | _aLebensstil | |
| 650 | 0 | _aSoziologie | |
| 651 | 0 | _aRussland | |
| 700 | 1 |
_aTiškov, Valerij A. _eHerausgeberIn |
|
| 942 | _cMG | ||
| 040 | _cRU-10907106 | ||
| 003 | RU-10907106 | ||
| 999 |
_c20417 _d20417 |
||